000 00305nam a2200133Ia 4500
005 20241123111745.0
008 241122s9999||||xx |||||||||||||| ||und||
041 _aEnglish
082 _a430
_bHAU
245 0 _aSptachkus deutsch neufassung 1
260 _bGoyl Saab
_c1997
300 _a296p
942 _cBK
999 _c10138
_d10138